La nécropole aux amants petrifies. Ruines mégalithiques de Wanar (Région de Kaffrine, Sénégal)

محفوظ في:

المؤلف الرئيسي: Luc Laporte

التنسيق: كتاب

اللغة: Undetermined

الوصول للمادة أونلاين: Login to view Source

الوسوم: إضافة وسم

لا توجد وسوم, كن أول من يضع وسما على هذه التسجيلة!

رقم الطلب:

LEADER 00489nmm a2200133Ia 4500
008 240716s9999||||xx |||||||||||||||||und||
020 |a 9781803277653 
020 |a 9781803277660 
100 |a Luc Laporte 
245 1 0 |a La nécropole aux amants petrifies. Ruines mégalithiques de Wanar (Région de Kaffrine, Sénégal)  |c Luc Laporte 
264 |b Archaeopress Archaeology  |c 9-مايو-24 
856 4 0 |u http://library.arce.org:8087/Archaeopress/Products/9781803277653 
942 |2 lcc  |c EBOOK 
999 |c 58929  |d 58929